[Event "DEM U10 2025"]
[Site "Willingen GER"]
[Date "2025.06.12"]
[Round "7"]
[White "Gavrylchenko, Illia"]
[Black "Schröder, Liam"]
[Result "0-1"]
[Termination "normal"]
[Board "18"]
[WhiteElo "1428"]
[BlackElo "1537"]
[WhiteClock "00:33:56"]
[BlackClock "01:40:06"]
[PlyCount "136"]
[WhiteFideId "34682007"]
[BlackFideId "34651020"]
[EventCountry "GER"]
[EventRounds "9"]
[EventType "swiss"]
[EventDate "2025.06.07"]

1. e4 {[%clk 01:30:56]} {[%emt 00:00:02]} d5 {[%clk 01:30:54]} {[%emt
00:00:07]} 2. Nc3 {[%clk 01:31:21]} {[%emt 00:00:06]} d4 {[%clk 01:31:17]}
{[%emt 00:00:06]} 3. Nce2 {[%clk 01:31:45]} {[%emt 00:00:06]} e5 {[%clk
01:31:26]} {[%emt 00:00:21]} 4. Nf3 {[%clk 01:30:48]} {[%emt 00:01:27]} Nc6
{[%clk 01:31:20]} {[%emt 00:00:36]} 5. Ng3 {[%clk 01:27:45]} {[%emt 00:03:33]}
Nf6 {[%clk 01:30:16]} {[%emt 00:01:26]} 6. Bc4 {[%clk 01:22:03]} {[%emt
00:06:19]} Bd6 {[%clk 01:28:38]} {[%emt 00:02:07]} 7. a3 {[%clk 01:15:29]}
{[%emt 00:07:06]} O-O {[%clk 01:23:56]} {[%emt 00:05:10]} 8. d3 {[%clk
01:13:09]} {[%emt 00:02:52]} Qe7 {[%clk 01:20:25]} {[%emt 00:04:02]} 9. O-O
{[%clk 01:04:13]} {[%emt 00:09:26]} Be6 {[%clk 01:19:01]} {[%emt 00:01:53]} 10.
Bxe6 {[%clk 01:01:57]} {[%emt 00:02:47]} Qxe6 {[%clk 01:18:36]} {[%emt
00:00:52]} 11. Bg5 {[%clk 00:52:19]} {[%emt 00:10:09]} Ne7 {[%clk 01:17:06]}
{[%emt 00:02:00]} 12. Re1 {[%clk 00:45:57]} {[%emt 00:06:51]} Rac8 {[%clk
01:16:27]} {[%emt 00:01:09]} 13. Nh4 {[%clk 00:39:47]} {[%emt 00:06:41]} h6
{[%clk 01:16:27]} {[%emt 00:00:32]} 14. Bxf6 {[%clk 00:39:35]} {[%emt
00:00:41]} Qxf6 {[%clk 01:16:46]} {[%emt 00:00:11]} 15. Nhf5 {[%clk 00:39:00]}
{[%emt 00:01:05]} c5 {[%clk 01:13:26]} {[%emt 00:03:49]} 16. Nh5 {[%clk
00:35:56]} {[%emt 00:03:34]} Qg6 {[%clk 01:11:16]} {[%emt 00:02:40]} 17. Nhxg7
{[%clk 00:34:03]} {[%emt 00:02:24]} Nxf5 {[%clk 01:10:55]} {[%emt 00:00:51]}
18. Nxf5 {[%clk 00:34:26]} {[%emt 00:00:06]} Rfd8 {[%clk 01:09:24]} {[%emt
00:01:59]} 19. Qd2 {[%clk 00:33:37]} {[%emt 00:01:21]} Kh7 {[%clk 01:09:10]}
{[%emt 00:00:44]} 20. Qe2 {[%clk 00:32:39]} {[%emt 00:01:28]} Rg8 {[%clk
01:05:51]} {[%emt 00:03:48]} 21. Ng3 {[%clk 00:31:25]} {[%emt 00:01:45]} Qe6
{[%clk 01:05:36]} {[%emt 00:00:45]} 22. Qf3 {[%clk 00:31:02]} {[%emt 00:00:52]}
c4 {[%clk 01:05:10]} {[%emt 00:00:57]} 23. Qf5+ {[%clk 00:31:06]} {[%emt
00:00:24]} Qg6 {[%clk 01:03:30]} {[%emt 00:02:12]} 24. dxc4 {[%clk 00:26:32]}
{[%emt 00:05:05]} Rxc4 {[%clk 01:03:22]} {[%emt 00:00:37]} 25. Qxg6+ {[%clk
00:22:44]} {[%emt 00:04:19]} fxg6 {[%clk 01:03:42]} {[%emt 00:00:09]} 26. Rac1
{[%clk 00:21:32]} {[%emt 00:01:41]} Rgc8 {[%clk 01:03:52]} {[%emt 00:00:22]}
27. Re2 {[%clk 00:21:26]} {[%emt 00:00:35]} d3 {[%clk 01:02:59]} {[%emt
00:01:24]} 28. Rd2 {[%clk 00:21:48]} {[%emt 00:00:07]} Rxc2 {[%clk 01:03:04]}
{[%emt 00:00:25]} 29. Rcd1 {[%clk 00:17:05]} {[%emt 00:05:13]} Bc5 {[%clk
01:01:46]} {[%emt 00:01:48]} 30. Nh1 {[%clk 00:12:45]} {[%emt 00:04:51]} Rxd2
{[%clk 01:01:41]} {[%emt 00:00:35]} 31. Rxd2 {[%clk 00:13:05]} {[%emt
00:00:10]} Bxa3 {[%clk 01:01:54]} {[%emt 00:00:17]} 32. h3 {[%clk 00:11:43]}
{[%emt 00:01:50]} Rc2 {[%clk 01:00:42]} {[%emt 00:01:43]} 33. Rxd3 {[%clk
00:11:24]} {[%emt 00:00:50]} Bxb2 {[%clk 01:00:58]} {[%emt 00:00:14]} 34. Rd7+
{[%clk 00:11:36]} {[%emt 00:00:17]} Kg8 {[%clk 01:01:21]} {[%emt 00:00:07]} 35.
Rxb7 {[%clk 00:11:28]} {[%emt 00:00:38]} Bd4 {[%clk 01:01:42]} {[%emt
00:00:10]} 36. Kf1 {[%clk 00:10:04]} {[%emt 00:01:50]} a5 {[%clk 01:01:35]}
{[%emt 00:00:41]} 37. Rb8+ {[%clk 00:04:19]} {[%emt 00:06:14]} Kg7 {[%clk
01:01:27]} {[%emt 00:00:39]} 38. Ra8 {[%clk 00:04:17]} {[%emt 00:00:32]} Ra2
{[%clk 01:01:50]} {[%emt 00:00:07]} 39. f3 {[%clk 00:03:58]} {[%emt 00:00:49]}
a4 {[%clk 01:02:15]} {[%emt 00:00:05]} 40. Ng3 {[%clk 00:03:58]} {[%emt
00:00:30]} a3 {[%clk 01:02:11]} {[%emt 00:00:34]} 41. Ne2 {[%clk 00:00:50]}
{[%emt 00:03:38]} Ra1+ {[%clk 01:01:52]} {[%emt 00:00:50]} 42. Nc1 {[%clk
00:01:12]} {[%emt 00:00:06]} Rxc1+ {[%clk 01:02:09]} {[%emt 00:00:13]} 43. Ke2
{[%clk 00:01:38]} {[%emt 00:00:04]} Rc2+ {[%clk 01:02:17]} {[%emt 00:00:22]}
44. Kd1 {[%clk 00:01:52]} {[%emt 00:00:16]} Rxg2 {[%clk 01:02:39]} {[%emt
00:00:08]} 45. Rxa3 {[%clk 00:02:10]} {[%emt 00:00:13]} Rg3 {[%clk 01:02:51]}
{[%emt 00:00:18]} 46. h4 {[%clk 00:01:19]} {[%emt 00:01:21]} Rh3 {[%clk
01:03:08]} {[%emt 00:00:12]} 47. h5 {[%clk 00:00:48]} {[%emt 00:01:02]} Rxh5
{[%clk 01:03:28]} {[%emt 00:00:10]} 48. Ke2 {[%clk 00:00:45]} {[%emt 00:00:33]}
Rh2+ {[%clk 01:03:52]} {[%emt 00:00:06]} 49. Kf1 {[%clk 00:30:19]} {[%emt
00:00:56]} Rf2+ {[%clk 01:34:08]} {[%emt 00:00:13]} 50. Ke1 {[%clk 00:30:39]}
{[%emt 00:00:10]} Kf6 {[%clk 01:34:30]} {[%emt 00:00:11]} 51. Rd3 {[%clk
00:30:48]} {[%emt 00:00:19]} Rh2 {[%clk 01:34:43]} {[%emt 00:00:17]} 52. f4
{[%clk 00:30:25]} {[%emt 00:00:55]} Bf2+ {[%clk 01:34:59]} {[%emt 00:00:13]}
53. Kf1 {[%clk 00:30:44]} {[%emt 00:00:10]} exf4 {[%clk 01:35:10]} {[%emt
00:00:20]} 54. Rf3 {[%clk 00:30:44]} {[%emt 00:00:28]} Bg3 {[%clk 01:35:30]}
{[%emt 00:00:10]} 55. Kg1 {[%clk 00:30:27]} {[%emt 00:00:48]} Re2 {[%clk
01:35:50]} {[%emt 00:00:09]} 56. e5+ {[%clk 00:30:53]} {[%emt 00:00:05]} Kxe5
{[%clk 01:36:07]} {[%emt 00:00:10]} 57. Kf1 {[%clk 00:31:14]} {[%emt 00:00:10]}
Re3 {[%clk 01:36:26]} {[%emt 00:00:12]} 58. Rxe3+ {[%emt 00:00:11]} fxe3 {[%clk
01:36:51]} 59. Ke2 {[%clk 00:32:00]} {[%emt 00:00:07]} Bf2 {[%clk 01:37:14]}
{[%emt 00:00:08]} 60. Kf3 {[%clk 00:32:14]} {[%emt 00:00:15]} g5 {[%clk
01:37:38]} {[%emt 00:00:07]} 61. Ke2 {[%clk 00:32:35]} {[%emt 00:00:10]} g4
{[%clk 01:38:01]} {[%emt 00:00:07]} 62. Kf1 {[%clk 00:32:59]} {[%emt 00:00:06]}
g3 {[%clk 01:38:14]} {[%emt 00:00:17]} 63. Kg2 {[%clk 00:33:13]} {[%emt
00:00:17]} e2 {[%clk 01:38:29]} {[%emt 00:00:15]} 64. Kf3 {[%clk 00:33:12]}
{[%emt 00:00:30]} e1=Q {[%clk 01:38:55]} {[%emt 00:00:05]} 65. Kg4 {[%clk
00:33:29]} {[%emt 00:00:12]} Qe4+ {[%clk 01:39:14]} {[%emt 00:00:11]} 66. Kh3
{[%clk 00:33:40]} {[%emt 00:00:17]} g2 {[%clk 01:39:27]} {[%emt 00:00:18]} 67.
Kh2 {[%clk 00:33:27]} {[%emt 00:00:43]} g1=Q+ {[%clk 01:39:48]} {[%emt
00:00:10]} 68. Kh3 {[%clk 00:33:56]} Qh4# {[%clk 01:40:06]} {[%emt 00:00:11]}
0-1

[Event "DEM U10 2025"]
[Site "Willingen GER"]
[Date "2025.06.12"]
[Round "7"]
[White "Schmidt, Fabian"]
[Black "von Flottwell, Lionel"]
[Result "0-1"]
[Termination "normal"]
[Board "19"]
[WhiteElo "1407"]
[BlackElo "1645"]
[WhiteClock "00:19:41"]
[BlackClock "00:21:36"]
[PlyCount "46"]
[WhiteFideId "533043515"]
[BlackFideId "34632727"]
[EventCountry "GER"]
[EventRounds "9"]
[EventType "swiss"]
[EventDate "2025.06.07"]

1. e4 {[%clk 01:30:59]} e5 {[%clk 01:30:52]} {[%emt 00:00:09]} 2. Nf3 {[%clk
01:31:26]} {[%emt 00:00:04]} Nc6 {[%clk 01:31:17]} {[%emt 00:00:05]} 3. Bb5
{[%clk 01:31:52]} {[%emt 00:00:04]} a6 {[%clk 01:31:37]} {[%emt 00:00:09]} 4.
Ba4 {[%clk 01:32:17]} {[%emt 00:00:04]} Nf6 {[%clk 01:32:01]} {[%emt 00:00:07]}
5. O-O {[%clk 01:32:43]} {[%emt 00:00:04]} b5 {[%clk 01:32:06]} {[%emt
00:00:26]} 6. Bb3 {[%clk 01:33:08]} {[%emt 00:00:05]} Bc5 {[%clk 01:32:29]}
{[%emt 00:00:06]} 7. Nxe5 {[%clk 01:26:45]} {[%emt 00:06:53]} Nxe5 {[%clk
01:32:44]} {[%emt 00:00:15]} 8. d4 {[%clk 01:27:05]} {[%emt 00:00:11]} Bxd4
{[%clk 01:31:41]} {[%emt 00:01:32]} 9. Qxd4 {[%clk 01:26:53]} {[%emt 00:00:42]}
d6 {[%clk 01:32:02]} {[%emt 00:00:09]} 10. Bg5 {[%clk 01:14:16]} {[%emt
00:13:07]} c5 {[%clk 01:31:00]} {[%emt 00:01:32]} 11. Bxf6 {[%clk 01:11:18]}
{[%emt 00:03:28]} gxf6 {[%clk 01:30:38]} {[%emt 00:00:53]} 12. Qc3 {[%clk
01:10:07]} {[%emt 00:01:40]} c4 {[%clk 01:29:52]} {[%emt 00:01:16]} 13. f4
{[%clk 01:10:28]} {[%emt 00:00:10]} Ng4 {[%clk 01:17:59]} {[%emt 00:12:22]} 14.
h3 {[%clk 01:02:47]} {[%emt 00:08:10]} Qb6+ {[%clk 01:17:35]} {[%emt 00:00:55]}
15. Kh1 {[%clk 01:01:49]} {[%emt 00:01:28]} Nf2+ {[%clk 01:16:13]} {[%emt
00:01:51]} 16. Kh2 {[%clk 01:01:42]} {[%emt 00:00:38]} h5 {[%clk 00:58:09]}
{[%emt 00:18:34]} 17. Qxf6 {[%clk 00:58:27]} {[%emt 00:03:44]} Rh7 {[%clk
00:52:16]} {[%emt 00:06:24]} 18. Rxf2 {[%clk 00:54:47]} {[%emt 00:04:10]} Qxf2
{[%clk 00:50:10]} {[%emt 00:02:36]} 19. Qxd6 {[%clk 00:54:56]} {[%emt
00:00:22]} Rg7 {[%clk 00:48:49]} {[%emt 00:01:50]} 20. Qc6+ {[%clk 00:54:18]}
{[%emt 00:01:08]} Ke7 {[%clk 00:42:07]} {[%emt 00:07:13]} 21. e5 {[%clk
00:50:17]} {[%emt 00:04:30]} Rg6 {[%clk 00:26:26]} {[%emt 00:16:11]} 22. Qxa8
{[%clk 00:28:27]} {[%emt 00:22:20]} Bxh3 {[%clk 00:21:40]} {[%emt 00:05:16]}
23. Qa7+ {[%clk 00:19:41]} {[%emt 00:09:15]} Qxa7 {[%clk 00:21:36]} {[%emt
00:00:35]} 0-1

[Event "DEM U10 2025"]
[Site "Willingen GER"]
[Date "2025.06.12"]
[Round "7"]
[White "Bentele, Otto"]
[Black "Hornych, Fridtjof"]
[Result "1/2-1/2"]
[Termination "normal"]
[Board "20"]
[WhiteElo "1510"]
[BlackElo "1385"]
[WhiteClock "01:12:16"]
[BlackClock "00:44:04"]
[PlyCount "52"]
[WhiteFideId "34653643"]
[BlackFideId "533043507"]
[EventCountry "GER"]
[EventRounds "9"]
[EventType "swiss"]
[EventDate "2025.06.07"]

1. e4 {[%clk 01:30:54]} {[%emt 00:00:05]} c6 {[%clk 01:30:46]} {[%emt
00:00:14]} 2. d4 {[%clk 01:30:36]} {[%emt 00:00:48]} d5 {[%clk 01:30:53]}
{[%emt 00:00:23]} 3. e5 {[%clk 01:30:45]} {[%emt 00:00:20]} Bf5 {[%clk
01:30:47]} {[%emt 00:00:37]} 4. c3 {[%clk 01:29:28]} {[%emt 00:01:43]} e6
{[%clk 01:30:30]} {[%emt 00:00:51]} 5. Ne2 {[%clk 01:28:14]} {[%emt 00:01:43]}
c5 {[%clk 01:29:43]} {[%emt 00:01:17]} 6. Ng3 {[%clk 01:27:48]} {[%emt
00:00:56]} Bxb1 {[%clk 01:28:41]} {[%emt 00:01:32]} 7. Rxb1 {[%clk 01:27:32]}
{[%emt 00:00:45]} cxd4 {[%clk 01:28:14]} {[%emt 00:00:57]} 8. cxd4 {[%emt
00:01:01]} Nc6 {[%clk 01:28:00]} {[%emt 00:00:34]} 9. h4 {[%clk 01:24:39]}
{[%emt 00:03:03]} Bb4+ {[%clk 01:26:51]} {[%emt 00:01:40]} 10. Bd2 {[%clk
01:23:05]} {[%emt 00:02:02]} Qa5 {[%clk 01:21:06]} {[%emt 00:06:15]} 11. a3
{[%clk 01:20:37]} {[%emt 00:03:00]} Bxd2+ {[%clk 01:21:21]} {[%emt 00:00:15]}
12. Qxd2 {[%clk 01:20:49]} {[%emt 00:00:17]} Qxd2+ {[%clk 01:21:30]} {[%emt
00:00:21]} 13. Kxd2 {[%clk 01:20:59]} {[%emt 00:00:19]} Nxd4 {[%clk 01:20:16]}
{[%emt 00:01:46]} 14. f4 {[%clk 01:20:29]} {[%emt 00:01:00]} Ne7 {[%clk
01:19:30]} {[%emt 00:01:14]} 15. Ke3 {[%clk 01:18:58]} {[%emt 00:02:02]} Nef5+
{[%clk 01:17:31]} {[%emt 00:02:29]} 16. Nxf5 {[%clk 01:19:03]} {[%emt
00:00:25]} Nxf5+ {[%clk 01:17:48]} {[%emt 00:00:13]} 17. Kf2 {[%clk 01:18:26]}
{[%emt 00:01:08]} O-O {[%clk 01:16:21]} {[%emt 00:01:57]} 18. g4 {[%emt
00:02:01]} Ne7 {[%clk 01:15:26]} 19. Bd3 {[%clk 01:18:27]} {[%emt 00:00:21]}
Rac8 {[%clk 01:10:18]} {[%emt 00:05:39]} 20. h5 {[%clk 01:17:49]} {[%emt
00:01:08]} h6 {[%clk 01:04:10]} {[%emt 00:06:38]} 21. Rbg1 {[%clk 01:15:18]}
{[%emt 00:03:00]} f6 {[%clk 01:02:00]} {[%emt 00:02:41]} 22. Ke3 {[%clk
01:14:31]} {[%emt 00:01:07]} fxe5 {[%clk 01:01:23]} {[%emt 00:01:17]} 23. fxe5
{[%clk 01:14:46]} {[%emt 00:00:15]} Nc6 {[%clk 01:00:21]} {[%emt 00:01:32]} 24.
g5 {[%clk 01:14:47]} {[%emt 00:00:29]} hxg5 {[%clk 00:50:50]} {[%emt 00:10:01]}
25. Rxg5 {[%clk 01:12:42]} {[%emt 00:02:34]} Rf7 {[%clk 00:46:31]} {[%emt
00:04:50]} 26. h6 {[%clk 01:12:16]} {[%emt 00:00:56]} Rcc7 {[%clk 00:44:04]}
{[%emt 00:02:58]} 1/2-1/2

[Event "DEM U10 2025"]
[Site "Willingen GER"]
[Date "2025.06.12"]
[Round "7"]
[White "Rössling, Johannes"]
[Black "Kindermann, Justus"]
[Result "1-0"]
[Termination "normal"]
[Board "21"]
[WhiteElo "1637"]
[BlackElo "1635"]
[WhiteClock "00:52:25"]
[BlackClock "00:30:00"]
[PlyCount "78"]
[WhiteFideId "34642773"]
[BlackFideId "34678840"]
[EventCountry "GER"]
[EventRounds "9"]
[EventType "swiss"]
[EventDate "2025.06.07"]

1. e4 {[%clk 01:30:59]} {[%emt 00:05:04]} e5 {[%clk 01:30:54]} {[%emt
00:00:06]} 2. Nf3 {[%clk 01:31:24]} {[%emt 00:00:05]} Nf6 {[%clk 01:31:17]}
{[%emt 00:00:07]} 3. Nxe5 {[%clk 01:31:45]} {[%emt 00:00:09]} d6 {[%clk
01:31:37]} {[%emt 00:00:10]} 4. Nf3 {[%clk 01:32:05]} {[%emt 00:00:09]} Nxe4
{[%clk 01:31:59]} {[%emt 00:00:09]} 5. Nc3 {[%clk 01:31:51]} {[%emt 00:00:44]}
Nxc3 {[%clk 01:32:18]} {[%emt 00:00:11]} 6. dxc3 {[%clk 01:32:17]} {[%emt
00:00:04]} d5 {[%clk 01:29:38]} {[%emt 00:03:11]} 7. Be3 {[%clk 01:29:38]}
{[%emt 00:03:09]} Nc6 {[%clk 01:29:39]} {[%emt 00:00:29]} 8. Qd2 {[%clk
01:29:00]} {[%emt 00:01:07]} Bf5 {[%clk 01:28:49]} {[%emt 00:01:20]} 9. O-O-O
{[%clk 01:25:35]} {[%emt 00:03:55]} Qd7 {[%clk 01:28:35]} {[%emt 00:00:35]} 10.
Qxd5 {[%clk 01:25:00]} {[%emt 00:01:14]} O-O-O {[%clk 01:28:29]} {[%emt
00:00:36]} 11. Qxd7+ {[%clk 01:24:58]} {[%emt 00:00:32]} Rxd7 {[%clk 01:28:48]}
{[%emt 00:00:12]} 12. Rxd7 {[%clk 01:25:07]} {[%emt 00:00:20]} Bxd7 {[%clk
01:28:09]} {[%emt 00:01:09]} 13. Bc4 {[%clk 01:25:13]} {[%emt 00:00:25]} f6
{[%clk 01:27:32]} {[%emt 00:01:08]} 14. Rd1 {[%clk 01:23:54]} {[%emt 00:01:47]}
Bd6 {[%clk 01:27:45]} {[%emt 00:00:14]} 15. h3 {[%clk 01:24:03]} {[%emt
00:00:24]} Ne5 {[%clk 01:26:02]} {[%emt 00:02:01]} 16. Nxe5 {[%clk 01:24:00]}
{[%emt 00:00:45]} Bxe5 {[%clk 01:26:11]} {[%emt 00:00:20]} 17. Bxa7 {[%clk
01:18:19]} {[%emt 00:06:12]} b6 {[%clk 01:23:55]} {[%emt 00:02:44]} 18. Ba6+
{[%clk 01:18:39]} {[%emt 00:00:12]} Kd8 {[%clk 01:24:06]} {[%emt 00:00:19]} 19.
Bxb6 {[%clk 01:18:58]} {[%emt 00:00:12]} cxb6 {[%clk 01:24:00]} {[%emt
00:00:35]} 20. Bb5 {[%clk 01:19:22]} {[%emt 00:00:06]} Bf4+ {[%clk 01:15:52]}
{[%emt 00:08:36]} 21. Kb1 {[%clk 01:18:22]} {[%emt 00:01:32]} Re8 {[%clk
01:12:42]} {[%emt 00:03:40]} 22. Bxd7 {[%clk 01:17:55]} {[%emt 00:00:59]} Re7
{[%clk 01:12:58]} {[%emt 00:00:14]} 23. Bf5+ {[%clk 01:17:51]} {[%emt
00:00:33]} Kc7 {[%clk 01:13:05]} {[%emt 00:00:23]} 24. a3 {[%clk 01:17:38]}
{[%emt 00:00:44]} g6 {[%clk 01:11:54]} {[%emt 00:01:40]} 25. Bg4 {[%emt
00:08:44]} f5 {[%clk 01:04:57]} 26. Bf3 {[%clk 01:14:15]} {[%emt 00:03:06]} Bd6
{[%clk 00:51:41]} {[%emt 00:13:46]} 27. Ka2 {[%clk 01:10:43]} {[%emt 00:04:02]}
Bc5 {[%clk 00:43:50]} {[%emt 00:08:20]} 28. Rd2 {[%clk 01:10:04]} {[%emt
00:01:10]} Re1 {[%clk 00:41:10]} {[%emt 00:03:06]} 29. b4 {[%clk 01:09:25]}
{[%emt 00:01:13]} Bd6 {[%clk 00:41:06]} {[%emt 00:00:28]} 30. Rd1 {[%clk
01:09:19]} {[%emt 00:00:41]} Re7 {[%clk 00:30:38]} {[%emt 00:10:56]} 31. Kb3
{[%clk 01:01:35]} {[%emt 00:08:16]} Be5 {[%clk 00:17:05]} {[%emt 00:14:02]} 32.
Re1 {[%clk 00:57:33]} {[%emt 00:04:33]} Kd6 {[%clk 00:07:00]} {[%emt 00:10:33]}
33. Rd1+ {[%clk 00:53:22]} {[%emt 00:04:44]} Ke6 {[%clk 00:05:00]} {[%emt
00:02:23]} 34. Rd5 {[%clk 00:51:59]} {[%emt 00:01:54]} Rc7 {[%clk 00:04:01]}
{[%emt 00:01:31]} 35. c4 {[%clk 00:51:33]} {[%emt 00:00:59]} Bf6 {[%clk
00:00:57]} {[%emt 00:03:34]} 36. c3 {[%clk 00:51:31]} {[%emt 00:00:32]} Bg5
{[%clk 00:00:33]} {[%emt 00:00:41]} 37. Rb5 {[%clk 00:51:51]} {[%emt 00:00:23]}
Bh4 {[%clk 00:00:34]} {[%emt 00:00:29]} 38. g3 {[%clk 00:52:03]} {[%emt
00:00:18]} Bd8 {[%clk 00:00:31]} {[%emt 00:00:32]} 39. Rxb6+ {[%clk 00:52:25]}
{[%emt 00:00:09]} Ke7 {[%clk 00:30:00]} {[%emt 00:00:28]} 1-0